Страны по картинкам #4 - Statistics

General Stats
  • This quiz has been taken 430 times
  • The average score is 6 of 15
Answer Stats
Picture Answer % Correct
Северная Корея
96%
Греция
92%
Италия
87%
Мексика
69%
Китай
59%
Непал
53%
Марокко
25%
Судан
19%
Мьянма
18%
Пакистан
17%
Бельгия
17%
Португалия
15%
Монако
12%
Шри-Ланка
8%
Мали
7%
No matching quizzes found
Score Distribution
Percent of People with Each Score
Percentile by Number Answered
Your Score History
You have not taken this quiz